| 000 | 00525cam a22001694 4500 | ||
|---|---|---|---|
| 082 |
_a516.242 _bLON _cL-Tech P-21 |
||
| 100 | 1 |
_aLoney, Sidney L. [from old catalog] _939429 |
|
| 245 | 0 | 0 | _aPlane trigonometry. |
| 260 |
_aCambridge : _bUniversity Press, _c1894. |
||
| 300 |
_a211 p.: _c19 cm. |
||
| 526 |
_a0 _b0 _c0 _d516_242000000000000_LON |
||
| 526 |
_a0 _b0 _c0 _d516_242000000000000_LON |
||
| 526 |
_a0 _b0 _c0 _d516_242000000000000_LON |
||
| 526 |
_a0 _b0 _c0 _d516_242000000000000_LON |
||
| 650 |
_aMCE _9379 |
||
| 942 |
_2ddc _cBK |
||
| 999 |
_c543924 _d543924 |
||